Online
Catalog

Guía para el despliegue del sistema de calidad en la gestión de los servicios de residuos sólidos municipio Santo Domingo Este / (Record no. 54753)

MARC details
000 -CABECERA
campo de control de longitud fija 01788nam a2200253 i 4500
003 - IDENTIFICADOR DEL NÚMERO DE CONTROL
campo de control DO-SdBNP
005 - FECHA Y HORA DE LA ÚLTIMA TRANSACCIÓN
campo de control 20230914125155.0
007 - CAMPO FIJO DE DESCRIPCIÓN FÍSICA--INFORMACIÓN GENERAL
campo de control de longitud fija ta
008 - DATOS DE LONGITUD FIJA--INFORMACIÓN GENERAL
campo de control de longitud fija 150114s2022 dr d 000 0 spa d
040 ## - FUENTE DE LA CATALOGACIÓN
Centro catalogador/agencia de origen DO-SdBNP
Lengua de catalogación spa
Centro/agencia transcriptor BNPHU
Normas de descripción rda
082 ## - NÚMERO DE LA CLASIFICACIÓN DECIMAL DEWEY
Número de edición 22
Número de documento/Ítem G943
110 1# - ENTRADA PRINCIPAL--NOMBRE DE ENTIDAD CORPORATIVA
Nombre de entidad corporativa o nombre de jurisdicción como elemento de entrada Federación Dominicana de Municipios (FEDOMU)
9 (RLIN) 84131
245 10 - MENCIÓN DE TÍTULO
Título Guía para el despliegue del sistema de calidad en la gestión de los servicios de residuos sólidos municipio Santo Domingo Este /
Mención de responsabilidad, etc. consultor Bernardo Matías
264 ## - PRODUCCIÓN, PUBLICACIÓN, DISTRIBUCIÓN, FABRICACIÓN Y COPYRIGHT
Producción, publicación, distribución, fabricación y copyright Santo Domingo :
Nombre del de productor, editor, distribuidor, fabricante FEDOMU,
Fecha de producción, publicación, distribución, fabricación o copyright 2022.
300 ## - DESCRIPCIÓN FÍSICA
Extensión 75 páginas
Otras características físicas gráficos
Dimensiones 28 cm.
336 ## - TIPO DE CONTENIDO
Fuente rdacontent
Término de tipo de contenido texto
Código de tipo de contenido txt
337 ## - TIPO DE MEDIO
Fuente rdamedia
Nombre/término del tipo de medio sin mediación
Código del tipo de medio n
338 ## - TIPO DE SOPORTE
Fuente rdacarrier
Nombre/término del tipo de soporte volumen
Código del tipo de soporte nc
505 ## - NOTA DE CONTENIDO CON FORMATO
Título Participantes en la discusión, diseño y validación --
-- Participantes en grupos focales con las comunidades --
-- Siglas --
-- Glosario --
-- Presentación --
Información miscelánea Capitulo I. --
Título Introducción --
Información miscelánea Capitulo II. --
Título La calidad en la gestión de los residuos sólidos del municipio Santo Domingo Este --
Información miscelánea Capitulo III. --
Título Objetivos de la guía --
Información miscelánea Capitulo IV. --
Título Situación actual del sistema de recolección de los residuos sólidos del ASDE --
Información miscelánea Capitulo V. --
Título Características, naturaleza y alcance del sistema --
Información miscelánea Capitulo VI. --
Título Políticas y objetivos de calidad de los servicios del sistema de gestión de los residuos sólidos municipales --
Información miscelánea Capitulo VII. --
Título Principios rectores del sistema de calidad para la gestión de los residuos sólidos municipales --
Información miscelánea Capitulo VIII. --
Título Modelo para la calidad en la gestión de los servicios de recolección de los residuos sólidos en el ayuntamiento de Santo Domingo Este /
590 ## - NOTA LOCAL (RLIN)
Nota local Inventariado, 2023/ YL
700 1# - PUNTO DE ACCESO ADICIONAL--NOMBRE DE PERSONA
Nombre de persona Matías, Bernardo
Término indicativo de función/relación consultor
9 (RLIN) 84132
910 ## - DATOS DE OPCIÓN DEL USUARIO (OCLC)
Datos de opción del usuario YLockward
942 ## - ELEMENTOS DE PUNTO DE ACCESO ADICIONAL (KOHA)
Fuente del sistema de clasificación o colocación Dewey Decimal Classification
Tipo de ítem Koha Libro
Holdings
Estado de retiro Estado de pérdida Fuente del sistema de clasificación o colocación Restricciones de uso No para préstamo Código de colección Localización permanente Ubicación/localización actual Ubicación en estantería Fecha de adquisición Fuente de adquisición Total de préstamos Signatura topográfica completa Código de barras Fecha visto por última vez Precio válido a partir de Tipo de ítem Koha Número de copia
    Dewey Decimal Classification Excluido de préstamo   Patrimonio Dominicano Biblioteca Nacional Pedro Henríquez Ureña Biblioteca Nacional Pedro Henríquez Ureña En catalogación 23.01.2023 Editora Búho   BNPHU PD G943 2023-5900 14.09.2023 14.09.2023 Libro  
    Dewey Decimal Classification Excluido de préstamo   Patrimonio Dominicano Biblioteca Nacional Pedro Henríquez Ureña Biblioteca Nacional Pedro Henríquez Ureña En catalogación 23.01.2023 Editora Búho   BNPHU PD G943 2023-5901 14.09.2023 14.09.2023 Libro e. 2

Powered by Koha